Search the Library Catalogue
| 000 -LEADER | |
|---|---|
| fixed length control field | 00887nam a2200169Ia 4500 |
| 008 - FIXED-LENGTH DATA ELEMENTS--GENERAL INFORMATION | |
| fixed length control field | 250630s9999 xx 000 0 und d |
| 020 ## - INTERNATIONAL STANDARD BOOK NUMBER | |
| ISBN | 9780710307156 |
| 082 ## - DEWEY DECIMAL CLASSIFICATION NUMBER | |
| Classification number | 914.9618044 |
| Item number | SUM |
| 100 ## - MAIN ENTRY--AUTHOR NAME | |
| Personal name | Sumner-Boyd, Hilary |
| 245 #0 - TITLE STATEMENT | |
| Title | Strolling Through Istanbul |
| 260 ## - PUBLICATION, DISTRIBUTION, ETC. (IMPRINT) | |
| Name of publisher | Routledge |
| Year of publication | 2003 |
| 300 ## - PHYSICAL DESCRIPTION | |
| Number of Pages | 537 pages |
| 500 ## - GENERAL NOTE | |
| General note | Long acknowledged to be the "best travel guide to Istanbul" ( Timesof London) this classic work shows Istanbul the way it is seen at its best--on foot. An informative guide and ideal companion, it describes major monuments in detail with reference to history and architecture. Although the main emphasis of the book is on Byzantine and Ottoman antiquities, Istanbul is not treated as a museum but as a living city, full of delights. Detailed walking itineraries are provided. |
| 650 ## - SUBJECT ADDED ENTRY--TOPICAL TERM | |
| Topical Term | Social Science |
| 942 ## - ADDED ENTRY ELEMENTS (KOHA) | |
| Koha item type | English Books |
| Withdrawn status | Lost status | Damaged status | Not for loan | Home library | Current library | Shelving location | Date acquired | Full call number | Accession Number | Price effective from | Koha item type |
|---|---|---|---|---|---|---|---|---|---|---|---|
| Anna Centenary Library | Anna Centenary Library | 7TH FLOOR, B WING | 30.06.2025 | 914.96180437 SUM | 191291 | 30.06.2025 | English Books |